Music Quiz

Random Music or Song Quiz

The Phantom of the Opera Soundtrack Quiz Stats

Quiz not verified by Sporcle

Challenge
Share
Tweet
Embed
Score 0/21 Timer 07:00
0 Plays Today
Act/ song number song % Correct
Act 1, song 6Phantom of the Opera
90.6%
Act 1, song 3Think of Me
83%
Act 1, song 4Angel of Music
78.7%
Act 1, song 7The Music of the Night
75.3%
Act 1, song 2Overture
70.6%
Act 1, song 13All I Ask of You
65.4%
Act 2, song 6The Point of No Return
57%
Act 1, song 1Prologue
47.1%
Act 2, song 4Wishing You Were Somehow Here Again
47.1%
Act 1, song 11Poor fool he makes me laugh
25.6%
Act 1, song 9Magical Lasso
25.5%
Act/ song number song % Correct
Act 1, song 10Notes...| Prima Donna
22.9%
Act 2, song 1Entr'Acte
22.9%
Act 1, song 14All I Ask of You (reprise)
21.8%
Act 2, song 2Masquerade| Why So Silent?
20.7%
Act 2, song 7Down Once More... | Track Down This Murderer...
19.6%
Act 1, song 8I remember...| Stranger Than you Dreamt It
19%
Act 2, song 3Notes...| Twisted Every Way
14.8%
Act 1, song 5Little Lotte...| The Mirror
12%
Act 1, song 12Why Have You Brought Me Here?...| Raoul I've Been There
11.2%
Act 2, song 5Wandering Child... | Bravo, Monsieur
9.9%

You're not logged in!

Compare scores with friends on all Sporcle quizzes.
Join for Free
OR
Log In

You Might Also Like...

Show Comments

Extras

Top Quizzes Today


Score Distribution

Your Account Isn't Verified!

In order to create a playlist on Sporcle, you need to verify the email address you used during registration. Go to your Sporcle Settings to finish the process.

Report this User

Report this user for behavior that violates our Community Guidelines.

Details: